=LDR 00000nam 2200000 4500 =001 INLIS000000000031910 =005 20160128110458.0 =006 =007 =008 ind =035 ##$$0010-061300000031910 =041 ##$$a ind =082 ##$$a 372.3 =090 ##$$a 372.3, Rah e =100 ##$$a RAHMATIA, Diah =245 ##$$a Ensiklopedia IPA SD buku 3, Jamue, Diah Rahmatia, Pipit Pitriana =260 ##$$a Ganeca Exact $b Jakarta =300 ##$$a iii, 29 hlm, illus, 30 cm =650 ##$$a PENDIDIKAN DASAR - JAMUR =700 ##$$a PITRIANA, Pipit =850 ##$$a NBPNMAT